Top 10 des pays qui consomme le plus de pizza au monde - Statistiques

Statistiques générales
  • Ce quiz a été pris 4 630 fois
  • Le résultat moyen est 8 sur 10
Statistiques - réponses
Kg par habitant Pays % Correct
7.2 Italie
100%
6 France
99%
13.7 Etats-Unis
96%
4.1 Espagne
95%
9.2 Allemagne
87%
7.5 Canada
85%
7.9 Royaume-Uni
81%
4.4 Australie
56%
9 Suède
46%
11.6 Norvège
45%
Aucun quiz correspondant
Distribution des résultats
% des personnes avec chaque résultat
Percentile par nombre de réponses
Votre historique - résultats
Vous n’avez pas pris ce quiz